| 000 | 01195nam a22003377a 4500 | ||
|---|---|---|---|
| 001 | 0010065 | ||
| 003 | KOHA_MİRAKIL | ||
| 005 | 20260207001731.0 | ||
| 007 | ta | ||
| 008 | 091103b1988 tu |||gr||||#0|||0|tur | | ||
| 020 | _c0,01 | ||
| 040 |
_aTR-BiSEU _btur _cTR-BiSEU _erda |
||
| 041 | 0 | _atur | |
| 044 | _ctu | ||
| 050 |
_aHG3256.52 _b.D87 1988 |
||
| 100 | 1 | _aDurer, Salih. | |
| 245 | 1 |
_aTürkiye'de ticaret bankalarının sermaye yapı ve yeterliliği üzerine bir inceleme/ _cSalih Durer ; Salih Durer. |
|
| 264 | 1 |
_aİstanbul : _bYapı Kredi Yayınları _c1988 |
|
| 300 | _a207 sayfa: grafik; 26 cm. | ||
| 336 |
_ametin _btxt _2rdacontent |
||
| 337 |
_aaracısız _bn _2rdamedia |
||
| 338 |
_acilt _bnc _2rdacarrier |
||
| 490 | 1 | _aYapı ve Kredi Bankası A.Ş. | |
| 490 | 1 |
_aİktisadi Araştırmalar Müdürlüğü Bankacılık Araştırmaları Dizisi ; _vno: 8 |
|
| 650 | 0 |
_aBanks and banking--Turkey. _910115 |
|
| 650 | 0 |
_aBankalar ve bankacılık--Türkiye. _98341 |
|
| 830 | 1 |
_aYapı ve Kredi Bankası A.Ş. _924828 |
|
| 830 | 1 |
_aİktisadi Araştırmalar Müdürlüğü Bankacılık Araştırmaları Dizisi ; _vno: 8 _924829 |
|
| 907 | _aİnceleme | ||
| 942 |
_2lcc _cBK |
||
| 999 |
_c10037 _d10037 |
||